¿Será vida ver la muerte tan de cerca?: conflicto de drogas y lucha espacial en Pavas, Costa Rica /
Збережено в:
| Автор: | |
|---|---|
| Інші автори: | |
| Формат: | Періодика |
| Мова: | Spanish |
| Теги: |
Додати тег
Немає тегів, Будьте першим, хто поставить тег для цього запису!
|
MARC
| LEADER | 00000nas a22000007a 4500 | ||
|---|---|---|---|
| 003 | cru CIDCACS/IIS | ||
| 005 | 20210817130559.0 | ||
| 007 | ta | ||
| 008 | 161130s2015 cr ||||| |||| 00| 0 spa d | ||
| 040 | |c CRAI/IIS |a CRAI/IIS | ||
| 100 | 1 | |a Chacón Echeverría, Laura |9 664 | |
| 245 | 1 | 1 | |a ¿Será vida ver la muerte tan de cerca?: |b conflicto de drogas y lucha espacial en Pavas, Costa Rica / |c Laura Chacón Echeverría, Jimmy Zúñiga Rodríguez |
| 300 | |a páginas 279-302 | ||
| 500 | |a Colección Centroamérica | ||
| 700 | 1 | |9 665 |a Zúñiga Rodríguez, Jimmy | |
| 773 | 0 | |0 18765 |9 185 |a Universidad de Costa Rica |d San José, Costa Rica: Editorial Universidad de Costa Rica, 1974- |o R17675 |t Anuario de Estudios Centroaméricanos / | |
| 942 | |2 ddc |c PP | ||
| 999 | |c 18777 |d 18777 | ||
